Statistics for Bands by One of Their Songs #3

Click here to take the quiz!

General Stats

  • This quiz has been taken 79 times
  • The average score is 8 of 15

Answer Stats

HintAnswer% Correct
Take on MeA-ha
90%
Smoke on the WaterDeep Purple
84%
Should I Stay or Should I GoThe Clash
82%
Good VibrationsThe Beach Boys
75%
Don't Stand So Close to MeThe Police
68%
My GenerationThe Who
68%
Daydream BelieverThe Monkees
60%
Tom SawyerRush
53%
Song 2Blur
52%
West End GirlsPet Shop Boys
47%
RoundaboutYes
32%
IntergalacticThe Beastie Boys
19%
If You're GoneMatchbox Twenty
8%
Pull Me UnderDream Theater
5%
BlueEiffel 65
5%

Score Distribution

Percentile by Number Answered

Percent of People with Each Score

Your Score History

You have not taken this quiz